La región bonaerense (Registro nro. 6348)

Detalles MARC
000 -LEADER
fixed length control field 00817 a2200193 4500
001 - CONTROL NUMBER
control field 57965
005 - DATE AND TIME OF LATEST TRANSACTION
control field 20260407155839.0
008 - FIXED-LENGTH DATA ELEMENTS--GENERAL INFORMATION
fixed length control field 260407a1987 arg spa d
003 - CONTROL NUMBER IDENTIFIER
control field AR-UNSa-BCEJYS
040 ## - CATALOGING SOURCE
Original cataloging agency AR-UNSa-BCEJYS
Language of cataloging spa
Transcribing agency AR-UNSa-BCEJYS
080 ## - UNIVERSAL DECIMAL CLASSIFICATION NUMBER
Universal Decimal Classification number 332.1
Common auxiliary subdivision Economía regional. Economía territorial
100 1# - MAIN ENTRY--PERSONAL NAME
Personal name Colman, Oscar
245 10 - TITLE STATEMENT
Title La región bonaerense
Name of part/section of a work desarrollo productivo, estrategias laborales, descentralización estatal y financiera.
264 #1 - PRODUCTION, PUBLICATION, DISTRIBUTION, MANUFACTURE, AND COPYRIGHT NOTICE
Place of production, publication, distribution, manufacture Buenos Aires :
Name of producer, publisher, distributor, manufacturer Fundación Friedrich Ebert
Date of production, publication, distribution, manufacture, or copyright notice 1987
300 ## - PHYSICAL DESCRIPTION
Extent 39 p.
Dimensions 21 cm.
505 ## - FORMATTED CONTENTS NOTE
Formatted contents note 1. Introducción - 2. La economía regional bonaerense y sus perspectivas - 3. La estrectura financiera provincial - 4. El rol del municipio en el proceso de descentralización estatal
590 ## - LOCAL NOTE (RLIN)
Local note niveau_biblio:m niveau_hierar:0
942 ## - ADDED ENTRY ELEMENTS (KOHA)
Koha item type
Existencias
Withdrawn status Lost status Damaged status Not for loan Home library Current library Shelving location Date acquired Total checkouts Full call number Barcode Date last seen Price effective from Koha item type
        Biblioteca Prof. Eusebio Cleto del Rey Biblioteca Prof. Eusebio Cleto del Rey   07/04/2026   332.1 C716r L53002 07/04/2026 07/04/2026 Libro